[Event "Asia rap (Women) 16th"]
[Site "Guangzhou"]
[Date "2010.11.15"]
[Round "5"]
[White "Nakhbayeva, Guliskhan"]
[Black "Uchida, Narumi"]
[Result "1-0"]
[WhiteElo "2209"]
[BlackElo "1834"]
[PlyCount "59"]
[EventDate "2010.11.13"]
[EventType "swiss"]
[EventRounds "9"]
[EventCountry "CHN"]
[SourceTitle "EXT 2011"]
[Source "ChessBase"]
[SourceDate "2010.11.26"]
[SourceVersion "1"]
[SourceVersionDate "2010.11.26"]
[SourceQuality "1"]

1. d4 d5 2. c4 e6 3. Nc3 Nf6 4. cxd5 exd5 5. Bg5 c6 6. e3 Nbd7 7. Bd3 Be7 8. Nge2 0-0 9. 0-0 Re8 10. f3 Nf8 11. Qc2 Be6 12. e4 dxe4 13. fxe4 Ng4 14. Bxe7 Qxe7 15. Qd2 c5 16. d5 Bd7 17. Rad1 Ng6 18. b3 Qd6 19. g3 Qb6 20. Bc4 Nf6 21. d6 Ne5 22. Rxf6 gxf6 23. Qh6 Nxc4 24. Nd5 Ne5 25. Ndc3 Nc4 26. Nd5 Qd8 27. Nxf6+ Qxf6 28. Qxf6 Re6 29. Qg5+ Kf8 30. bxc4 1-0

[Event "Asia rap (Women) 16th"]
[Site "Guangzhou"]
[Date "2010.11.14"]
[Round "3"]
[White "Byun, Sungwon"]
[Black "Uchida, Narumi"]
[Result "0-1"]
[WhiteElo "1612"]
[BlackElo "1834"]
[PlyCount "102"]
[EventDate "2010.11.13"]
[EventType "swiss"]
[EventRounds "9"]
[EventCountry "CHN"]
[SourceTitle "EXT 2011"]
[Source "ChessBase"]
[SourceDate "2010.11.26"]
[SourceVersion "1"]
[SourceVersionDate "2010.11.26"]
[SourceQuality "1"]

1. e4 e5 2. Nf3 Nc6 3. Bb5 a6 4. Ba4 Nf6 5. 0-0 Be7 6. Re1 b5 7. Bb3 d6 8. c3 0-0 9. h3 Bb7 10. d4 Re8 11. d5 Nb8 12. Nbd2 Nbd7 13. Nf1 Nc5 14. Bc2 c6 15. dxc6 Bxc6 16. Ng3 g6 17. Bg5 Qc7 18. Rb1 Rad8 19. Qc1 Ne6 20. Bb3 Nc5 21. Bc2 Ne6 22. Bb3 Nxg5 23. Nxg5 d5 24. Qe3 h6 25. exd5 Nxd5 26. Ne6 fxe6 27. Qxh6 Bf6 28. Qxg6+ Qg7 29. Qxg7+ Bxg7 30. Nh5 Bh8 31. Re4 Kf7 32. Rg4 Rg8 33. Rxg8 Rxg8 34. Ng3 Nf4 35. Rd1 Ke7 36. c4 Bxg2 37. cxb5 axb5 38. a4 bxa4 39. Bxa4 Bd5 40. Kh2 e4 41. Rc1 Be5 42. Re1 Nh5 43. Re3 Nf4 44. Bc2 Bd4 45. Re1 Bxf2 46. Ra1 Bxg3+ 47. Kg1 Nxh3+ 48. Kf1 Bc4+ 49. Kg2 Nf4+ 50. Kh1 e3 51. Ra7+ Kf6 0-1

[Event "Asia rap (Women) 16th"]
[Site "Guangzhou"]
[Date "2010.11.14"]
[Round "4"]
[White "Uchida, Narumi"]
[Black "Mohammed, Jannar Worya"]
[Result "1-0"]
[WhiteElo "1834"]
[BlackElo "1901"]
[PlyCount "73"]
[EventDate "2010.11.13"]
[EventType "swiss"]
[EventRounds "9"]
[EventCountry "CHN"]
[SourceTitle "EXT 2011"]
[Source "ChessBase"]
[SourceDate "2010.11.26"]
[SourceVersion "1"]
[SourceVersionDate "2010.11.26"]
[SourceQuality "1"]

1. e4 d5 2. exd5 Qxd5 3. Nc3 Qa5 4. d4 Bf5 5. Nf3 Nf6 6. Bd2 c6 7. Ne4 Qc7 8. Nxf6+ gxf6 9. g3 e6 10. Bg2 Nd7 11. 0-0 0-0-0 12. c3 Nb6 13. Qb3 e5 14. Rfe1 Be6 15. Qc2 Nc4 16. Rad1 Nxd2 17. Rxd2 Bg7 18. Red1 Bd5 19. c4 Be6 20. d5 cxd5 21. Qa4 Kb8 22. cxd5 Bd7 23. Qb3 Qd6 24. Nh4 Bh6 25. Rc2 Bg5 26. Nf3 Bh6 27. Nd2 Bf5 28. Ne4 Bxe4 29. Bxe4 Bf8 30. Rc4 h5 31. Rdc1 Bh6 32. R1c2 Rc8 33. Rb4 Rxc2 34. Rxb7+ Kc8 35. Bxc2 Rd8 36. Bf5+ Rd7 37. Rxd7 1-0

[Event "WMSG Rapid Pair 1st"]
[Site "Beijing"]
[Date "2008.10.09"]
[Round "1"]
[White "Houska, Jovanka"]
[Black "Uchida, Narumi"]
[Result "1-0"]
[WhiteElo "2399"]
[BlackElo "1822"]
[PlyCount "46"]
[EventDate "2008.10.09"]
[EventType "swiss (rapid)"]
[EventRounds "9"]
[EventCountry "CHN"]
[SourceTitle "CBM 126 Extra"]
[Source "ChessBase"]
[SourceDate "2008.11.05"]
[SourceVersion "1"]
[SourceVersionDate "2008.11.05"]
[SourceQuality "1"]

1. d4 Nf6 2. Nf3 d5 3. c4 e6 4. g3 dxc4 5. Bg2 c5 6. 0-0 Nc6 7. Ne5 Nxe5 8. dxe5 Nd5 9. Na3 Be7 10. Nxc4 0-0 11. Ne3 Qc7 12. Nxd5 exd5 13. Qxd5 Rd8 14. Qe4 Rd4 15. Qe3 h6 16. Bd2 Bg5 17. f4 Be7 18. Bc3 Rd8 19. f5 c4 20. Kh1 Bc5 21. Qf4 Kh7 22. Qxc4 Bd7 23. Qxf7 Be8 1-0

[Event "WMSG Rapid Pair 1st"]
[Site "Beijing"]
[Date "2008.10.09"]
[Round "2"]
[White "Uchida, Narumi"]
[Black "Puuska, Heini"]
[Result "0-1"]
[WhiteElo "1822"]
[BlackElo "2008"]
[PlyCount "67"]
[EventDate "2008.10.09"]
[EventType "swiss (rapid)"]
[EventRounds "9"]
[EventCountry "CHN"]
[SourceTitle "CBM 126 Extra"]
[Source "ChessBase"]
[SourceDate "2008.11.05"]
[SourceVersion "1"]
[SourceVersionDate "2008.11.05"]
[SourceQuality "1"]

1. e4 e6 2. d4 d5 3. Nc3 dxe4 4. Nxe4 Bd7 5. Nf3 Bc6 6. Bd3 Nd7 7. 0-0 Ngf6 8. Re1 Nxe4 9. Bxe4 Bxe4 10. Rxe4 Be7 11. Bf4 0-0 12. d5 Nf6 13. Rd4 exd5 14. c4 c5 15. Rd2 d4 16. Qb3 b6 17. Re1 Bd6 18. Bg5 h6 19. Bxf6 Qxf6 20. Rde2 Qf5 21. Re4 Qd7 22. a4 Rae8 23. Qa2 Rxe4 24. Rxe4 Re8 25. Rxe8+ Qxe8 26. b3 Qe4 27. Qd2 Qb1+ 28. Qe1 Qxb3 29. Qe8+ Bf8 30. h3 Qxc4 31. Ne5 Qe6 32. Qb8 g6 33. Nf3 d3 34. Qg3 0-1